<?xml version="1.0" encoding="UTF-8"?><?xml-stylesheet type="text/xsl" href="static/style.xsl"?><OAI-PMH xmlns="http://www.openarchives.org/OAI/2.0/" xmlns:xsi="http://www.w3.org/2001/XMLSchema-instance" xsi:schemaLocation="http://www.openarchives.org/OAI/2.0/ http://www.openarchives.org/OAI/2.0/OAI-PMH.xsd"><responseDate>2026-06-05T04:04:05Z</responseDate><request verb="GetRecord" identifier="oai:riuma.uma.es:10630/32793" metadataPrefix="marc">https://riuma.uma.es/rest/oai/request</request><GetRecord><record><header><identifier>oai:riuma.uma.es:10630/32793</identifier><datestamp>2026-02-03T11:15:44Z</datestamp><setSpec>com_10630_2254</setSpec><setSpec>col_10630_37953</setSpec></header><metadata><record xmlns="http://www.loc.gov/MARC21/slim" xmlns:dcterms="http://purl.org/dc/terms/" xmlns:doc="http://www.lyncode.com/xoai" xmlns:xsi="http://www.w3.org/2001/XMLSchema-instance" xsi:schemaLocation="http://www.loc.gov/MARC21/slim http://www.loc.gov/standards/marcxml/schema/MARC21slim.xsd">
   <leader>00925njm 22002777a 4500</leader>
   <datafield ind2=" " ind1=" " tag="042">
      <subfield code="a">dc</subfield>
   </datafield>
   <datafield ind2=" " ind1=" " tag="720">
      <subfield code="a">Tejero Pérez, Aroa</subfield>
      <subfield code="e">author</subfield>
   </datafield>
   <datafield ind2=" " ind1=" " tag="720">
      <subfield code="a">López-Rodríguez, Fermín</subfield>
      <subfield code="e">author</subfield>
   </datafield>
   <datafield ind2=" " ind1=" " tag="720">
      <subfield code="a">Gutiérrez, Rodolfo</subfield>
      <subfield code="e">author</subfield>
   </datafield>
   <datafield ind2=" " ind1=" " tag="260">
      <subfield code="c">2024-02-06</subfield>
   </datafield>
   <datafield ind2=" " ind1=" " tag="520">
      <subfield code="a">Durante la segunda década de este siglo, en España las personas en edad activa han pasado a tener un riesgo de pobreza sensiblemente más alto que las personas en edad no activa, lo que acrecienta el interés por la relación entre pobreza y participación laboral. El objetivo principal de este artículo es analizar el riesgo de pobreza de la población en edad activa en España. Se describe el riesgo de pobreza en función de la intensidad laboral del hogar, se profundiza en la composición de las rentas de los hogares y se analiza el efecto de las prestaciones sociales y de otras características del hogar para evitar la pobreza. Para ello, se utilizan los microdatos de la Encuesta de Condiciones de Vida (ECV). Los resultados muestran que la intensidad laboral es la variable con una mayor influencia tanto en el riesgo como en la composición de la pobreza de los hogares en España: casi la mitad de los hogares pobres no alcanzan el 50% de su capacidad de empleo. Las prestaciones sociales son uno de los principales instrumentos para evitar el riesgo de pobreza, especialmente si se combinan con rentas laborales: las contributivas tienen un efecto mayor por su generosidad y relación con el historial de empleo anterior, lo que refuerza, de nuevo, la importancia del empleo e indica una baja progresividad; y las ayudas familiares muestran efectos reducidos que evidencian la necesidad de revisar su diseño y cuantía.</subfield>
   </datafield>
   <datafield ind1="8" ind2=" " tag="024">
      <subfield code="a">Tejero, Aroa; López Rodríguez, Fermín y Gutiérrez, Rodolfo (2024). «Prestaciones sociales y riesgo de pobreza en edad activa. Un análisis de la composición de las rentas de los hogares en España». Papers, 109(2), e3145. https://doi.org/10.5565/rev/papers.3145</subfield>
   </datafield>
   <datafield ind1="8" ind2=" " tag="024">
      <subfield code="a">https://hdl.handle.net/10630/32793</subfield>
   </datafield>
   <datafield ind1="8" ind2=" " tag="024">
      <subfield code="a">https://doi.org/10.5565/rev/papers.3145</subfield>
   </datafield>
   <datafield tag="653" ind2=" " ind1=" ">
      <subfield code="a">Asistencia social - España</subfield>
   </datafield>
   <datafield ind2="0" ind1="0" tag="245">
      <subfield code="a">Prestaciones sociales y riesgo de pobreza en edad activa. Un análisis de la composición de las rentas de los hogares en España</subfield>
   </datafield>
</record>
</metadata></record></GetRecord></OAI-PMH>